[Event "Titled Tuesday 2025.01.14 Early"]
[Site "Chess.com INT"]
[Date "2025.01.14"]
[Round "4"]
[White "Drozdowski, Kacper"]
[Black "Yang, Kaiqi"]
[Result "1-0"]
[WhiteElo "2450"]
[BlackElo "2481"]
[PlyCount "71"]
[GameId "2136239185216964"]
[EventDate "2025.01.14"]
[EventType "swiss (blitz)"]
[EventRounds "11"]
[EventCountry "NET"]
[SourceTitle "Mega2025 Update 12"]
[Source "Chessbase"]
[SourceDate "2025.01.24"]
[SourceVersion "1"]
[SourceVersionDate "2025.01.24"]
[SourceQuality "1"]

1. e4 c5 2. Nf3 d6 3. d4 cxd4 4. Nxd4 Nf6 5. f3 e5 6. Nb3 a5 7. Bb5+ Bd7 8. Bxd7+ Nbxd7 9. a4 d5 10. exd5 Nb6 11. Nc3 Nbxd5 12. Nxd5 Qxd5 13. Qxd5 Nxd5 14. c3 Bd6 15. Ke2 Ke7 16. Rd1 Nb6 17. Bg5+ f6 18. Bh4 Rhc8 19. Bf2 Nc4 20. Ra2 Ke6 21. Nc1 Bc5 22. b3 Nd6 23. Rad2 Ra6 24. Nd3 Bxf2 25. Nxf2 f5 26. c4 Rb6 27. Rd5 Nf7 28. R1d3 Ra6 29. g3 g5 30. Nd1 h5 31. Nc3 g4 32. f4 e4 33. R3d4 Rd6 34. Nb5 Rxd5 35. Rxd5 Rd8 36. Nd4+ 1-0

[Event "Titled Tuesday 2025.01.14 Early"]
[Site "Chess.com INT"]
[Date "2025.01.14"]
[Round "5"]
[White "Yang, Kaiqi"]
[Black "Fernandez Estremera, Fernando"]
[Result "1-0"]
[WhiteElo "2481"]
[BlackElo "2127"]
[PlyCount "69"]
[GameId "2136239185389448"]
[EventDate "2025.01.14"]
[EventType "swiss (blitz)"]
[EventRounds "11"]
[EventCountry "NET"]
[SourceTitle "Mega2025 Update 12"]
[Source "Chessbase"]
[SourceDate "2025.01.24"]
[SourceVersion "1"]
[SourceVersionDate "2025.01.24"]
[SourceQuality "1"]

1. e4 c5 2. Nf3 d6 3. d4 cxd4 4. Nxd4 Nf6 5. Nc3 Nc6 6. Bc4 Qb6 7. Ndb5 a6 8. Be3 Qd8 9. Nd4 Qc7 10. Qe2 e6 11. O-O-O b5 12. Bb3 Be7 13. g4 Bb7 14. g5 Nd7 15. Bxe6 fxe6 16. Nxe6 Qa5 17. Nxg7+ Kf7 18. Nf5 Nce5 19. Qh5+ Ng6 20. Nxd6+ Bxd6 21. Rxd6 Rad8 22. Rhd1 Bc8 23. Bd4 b4 24. Bxh8 Rxh8 25. Rxd7+ Bxd7 26. Rxd7+ Ke8 27. Rxh7 Rxh7 28. Qxh7 Ne7 29. Qh8+ Kf7 30. Qf6+ Ke8 31. Nd5 Nxd5 32. Qe5+ Kf8 33. Qxd5 Qb6 34. Qf5+ Ke8 35. g6 1-0

[Event "Titled Tuesday 2025.01.14 Early"]
[Site "Chess.com INT"]
[Date "2025.01.14"]
[Round "6"]
[White "Fiskaaen, Martin Holten"]
[Black "Yang, Kaiqi"]
[Result "1-0"]
[WhiteElo "2311"]
[BlackElo "2481"]
[PlyCount "149"]
[GameId "2136239185582446"]
[EventDate "2025.01.14"]
[EventType "swiss (blitz)"]
[EventRounds "11"]
[EventCountry "NET"]
[SourceTitle "Mega2025 Update 12"]
[Source "Chessbase"]
[SourceDate "2025.01.24"]
[SourceVersion "1"]
[SourceVersionDate "2025.01.24"]
[SourceQuality "1"]

1. e4 c5 2. Nf3 d6 3. d4 cxd4 4. Nxd4 Nf6 5. Nc3 a6 6. h3 e5 7. Nf3 Be7 8. g4 b5 9. g5 Nh5 10. a4 b4 11. Nd5 Nc6 12. Bc4 Be6 13. Be3 O-O 14. Qd2 Na5 15. Be2 Rb8 16. b3 f5 17. gxf6 Nxf6 18. Ng5 Bxd5 19. exd5 Qc8 20. Rg1 Kh8 21. Bxa6 Qxa6 22. Ne6 Rf7 23. Ng5 Rff8 24. Ne6 Ne4 25. Qd1 Rf7 26. Qg4 Rg8 27. Qxe4 Bf6 28. Qxb4 Nb7 29. Qb5 Qa8 30. a5 e4 31. Ra4 Bc3+ 32. Ke2 Nc5 33. Nxc5 Qxd5 34. Nxe4 Qxb5+ 35. Kd1 Bxa5 36. Nxd6 Qd5+ 37. Rd4 Qf3+ 38. Kc1 Rd7 39. Rf4 Qd5 40. Rd4 Qe6 41. Nb5 Rxd4 42. Nxd4 Qf6 43. Rg5 Bc3 44. Rd5 Ra8 45. Kd1 Qf3+ 46. Nxf3 Bf6 47. Ke2 h6 48. Bd4 Be7 49. Rd7 Bf8 50. Kd3 Kg8 51. Nd2 g5 52. Ne4 Bb4 53. Nf6+ Kf8 54. Rh7 Ra2 55. Rxh6 Kg7 56. Rh7+ Kg6 57. Rb7 Bd6 58. Ne4 Bf4 59. Be3 Be5 60. Bxg5 Ra1 61. Be3 Rd1+ 62. Bd2 Rh1 63. Rb6+ Kf5 64. Ng3+ Bxg3 65. fxg3 Rxh3 66. Bf4 Rh2 67. Rb5+ Kg4 68. c4 Kf3 69. Re5 Rh1 70. Re3+ Kg4 71. c5 Kf5 72. Re5+ Kf6 73. Kc4 Rd1 74. b4 Rd7 75. b5 1-0

[Event "Titled Tuesday 2025.01.14 Early"]
[Site "Chess.com INT"]
[Date "2025.01.14"]
[Round "7"]
[White "Yang, Kaiqi"]
[Black "Gibala, Adam"]
[Result "1-0"]
[WhiteElo "2481"]
[BlackElo "2204"]
[PlyCount "101"]
[GameId "2136239185660475"]
[EventDate "2025.01.14"]
[EventType "swiss (blitz)"]
[EventRounds "11"]
[EventCountry "NET"]
[SourceTitle "Mega2025 Update 12"]
[Source "Chessbase"]
[SourceDate "2025.01.24"]
[SourceVersion "1"]
[SourceVersionDate "2025.01.24"]
[SourceQuality "1"]

1. e4 c5 2. Nf3 d6 3. d4 cxd4 4. Nxd4 Nf6 5. Nc3 Nc6 6. Bc4 Qb6 7. Ndb5 a6 8. Be3 Qd8 9. Nd4 Ng4 10. Nxc6 bxc6 11. Qf3 Ne5 12. Qe2 Nxc4 13. Qxc4 Qc7 14. Nd5 Qb7 15. Nb6 Be6 16. Qa4 Rb8 17. O-O g6 18. Bd4 f6 19. f4 Bg7 20. f5 Bf7 21. c4 O-O 22. c5 Rfd8 23. Rad1 d5 24. Be3 e5 25. fxe6 Bxe6 26. Bf4 Qe7 27. b4 dxe4 28. Bxb8 Rxb8 29. Qxc6 f5 30. Qd6 Qxd6 31. Rxd6 Bf7 32. Rfd1 Be5 33. Rd8+ Rxd8 34. Rxd8+ Kg7 35. Rd7 Kf6 36. Nd5+ Bxd5 37. Rxd5 Ke6 38. Rd8 e3 39. Kf1 Bxh2 40. Ke2 Bf4 41. a4 Ke7 42. Rd3 h5 43. b5 axb5 44. axb5 h4 45. b6 g5 46. c6 g4 47. c7 h3 48. gxh3 gxh3 49. c8=Q h2 50. Qc6 h1=Q 51. Qxh1 1-0

[Event "Titled Tuesday 2025.01.14 Early"]
[Site "Chess.com INT"]
[Date "2025.01.14"]
[Round "9"]
[White "Martin Fuentes, Alberto"]
[Black "Yang, Kaiqi"]
[Result "1-0"]
[WhiteElo "2375"]
[BlackElo "2481"]
[PlyCount "103"]
[GameId "2136239185898608"]
[EventDate "2025.01.14"]
[EventType "swiss (blitz)"]
[EventRounds "11"]
[EventCountry "NET"]
[SourceTitle "Mega2025 Update 12"]
[Source "Chessbase"]
[SourceDate "2025.01.24"]
[SourceVersion "1"]
[SourceVersionDate "2025.01.24"]
[SourceQuality "1"]

1. e4 c5 2. Nc3 d6 3. g3 g6 4. d3 Bg7 5. Bg2 Nc6 6. Be3 Rb8 7. Qd2 b5 8. Nge2 b4 {The main line 8...b4 scores better than 8...Nd4. Die Hauptvariante 8...b4 punktet besser als 8...Sd4.} 9. Nd1 h5 10. h3 e6 11. O-O Nge7 12. d4 cxd4 13. Nxd4 O-O 14. a3 a5 15. axb4 axb4 16. Nxc6 Nxc6 17. Bh6 Bxh6 $146 (17... Bb7 18. Bxg7 Kxg7 19. Ne3 Qe7 20. Rfd1 Rfd8 21. Nc4 Ne5 22. Qd4 Qf6 23. Nxd6 Rxd6 24. Qxd6 Nf3+ 25. Bxf3 Qxf3 26. Qxb8 Bxe4 27. Qe5+ Kh7 28. Kf1 Bxc2 29. Rd8 {1-0 Shahinyan,D (2452)-Oliveira,S (2280) Titled Tuesday intern op 4th Aug 10am Chess.com INT blitz 2020 (10)}) 18. Qxh6 Qf6 19. Qd2 Nd4 20. f4 Bb7 21. Ra4 Rfc8 22. Ne3 Bc6 23. Ra7 h4 24. g4 Bb5 25. Rf2 b3 26. c3 Ne2+ 27. Rxe2 Bxe2 28. Qxe2 Qxc3 29. f5 Qe5 30. fxg6 Rc1+ 31. Nf1 Qc5+ 32. Qf2 fxg6 33. Qxc5 dxc5 34. Kf2 Rc2+ 35. Kg1 Rxb2 36. e5 c4 37. Rc7 Rxg2+ 38. Kxg2 b2 39. Nd2 Rb4 40. Rc8+ Kg7 41. Kf3 Rb3+ 42. Kf4 b1=Q 43. Nxb1 Rxb1 44. Kg5 Rb7 45. Rxc4 Rf7 46. Rc6 Re7 47. Rb6 Kf7 48. Kxh4 Rc7 49. Kg5 Re7 50. h4 Rc7 51. Kh6 Re7 52. h5 1-0

[Event "Titled Tuesday 2025.01.14 Early"]
[Site "Chess.com INT"]
[Date "2025.01.14"]
[Round "10"]
[White "Yang, Kaiqi"]
[Black "Azar, Sebastien"]
[Result "1/2-1/2"]
[WhiteElo "2481"]
[BlackElo "1982"]
[PlyCount "206"]
[GameId "2136239186046415"]
[EventDate "2025.01.14"]
[EventType "swiss (blitz)"]
[EventRounds "11"]
[EventCountry "NET"]
[SourceTitle "Mega2025 Update 12"]
[Source "Chessbase"]
[SourceDate "2025.01.24"]
[SourceVersion "1"]
[SourceVersionDate "2025.01.24"]
[SourceQuality "1"]

1. d4 Nf6 2. Nc3 d5 3. Bf4 c5 4. e3 cxd4 5. exd4 a6 6. Nf3 Nc6 7. h3 Bd7 8. a3 e6 9. Bd3 Qb6 10. Na4 Qa5+ 11. c3 Nxd4 12. Nxd4 Bxa4 13. Qe2 Be7 14. O-O Bd7 15. Be5 O-O 16. Rae1 b5 17. Qd2 Rfe8 18. Re3 g6 19. Rf3 Ne4 20. Qf4 f5 21. h4 Rf8 22. Bc7 Qa4 23. Rh3 Rac8 24. Be5 Qa5 25. f3 Nc5 26. Bc2 Qd8 27. Qh6 Bf6 28. Bd6 Bg7 29. Qd2 Rf7 30. f4 Nb7 31. Be5 Bxe5 32. fxe5 Qc7 33. h5 Qxe5 34. hxg6 hxg6 35. Qh6 Qg7 36. Qh4 e5 37. Nf3 Re7 38. Ng5 e4 39. Bb3 Bc6 40. Rd1 e3 41. Bxd5+ Bxd5 42. Rxd5 e2 43. Nf3 Rd8 44. Rxd8+ Nxd8 45. Qe1 Qf6 46. Rg3 Kf7 47. Ng5+ Kg7 48. Nf3 Qb6+ 49. Kh2 Re8 50. Ng5 Rh8+ 51. Rh3 Qd6+ 52. Kg1 Rxh3 53. Nxh3 Qd1 54. Kf2 Ne6 55. Qxe2 Qd6 56. Qe3 Nc5 57. Qd4+ Qxd4+ 58. cxd4 Nd3+ 59. Ke3 Nxb2 60. Nf4 Nc4+ 61. Kd3 Nxa3 62. Ne6+ Kf6 63. Nc7 Nc4 64. Nxa6 Nd6 65. Nc5 g5 66. Nd7+ Ke6 67. Nf8+ Kd5 68. Nh7 g4 69. Nf6+ Ke6 70. Nh5 Ne4 71. Nf4+ Kd6 72. Ne2 Kd5 73. Nf4+ Kd6 74. Ne2 Nf6 75. Nf4 Nd5 76. Ne2 f4 77. Ke4 f3 78. gxf3 gxf3 79. Kxf3 b4 80. Ke4 b3 81. Kd3 b2 82. Kc2 Nf6 83. Kxb2 Kd5 84. Kc3 Ne4+ 85. Kd3 Nc5+ 86. Ke3 Ne6 87. Nc3+ Kc4 88. d5 Nc7 89. d6 Ne6 90. Ne4 Kd5 91. Kd3 Nc5+ 92. Ke3 Ne6 93. Kf3 Ng5+ 94. Kf4 Ne6+ 95. Kf5 Nd4+ 96. Kf6 Kxe4 97. d7 Nc6 98. Ke6 Kd4 99. Kd6 Nd8 100. Kc7 Ne6+ 101. Kd6 Nd8 102. Ke7 Nc6+ 103. Kd6 Nd8 1/2-1/2

[Event "Titled Tuesday 2025.01.14 Early"]
[Site "Chess.com INT"]
[Date "2025.01.14"]
[Round "11"]
[White "Unsal, Gorkem"]
[Black "Yang, Kaiqi"]
[Result "1-0"]
[WhiteElo "2072"]
[BlackElo "2481"]
[PlyCount "103"]
[GameId "2136239186120317"]
[EventDate "2025.01.14"]
[EventType "swiss (blitz)"]
[EventRounds "11"]
[EventCountry "NET"]
[SourceTitle "Mega2025 Update 12"]
[Source "Chessbase"]
[SourceDate "2025.01.24"]
[SourceVersion "1"]
[SourceVersionDate "2025.01.24"]
[SourceQuality "1"]

1. e4 c5 2. Nf3 d6 3. d4 cxd4 4. Qxd4 a6 5. Bc4 Nc6 6. Qd3 e6 7. Nc3 Nf6 8. O-O Be7 9. Bg5 O-O 10. Rad1 Na5 11. Bb3 Nxb3 12. axb3 Qa5 13. Bxf6 gxf6 14. Nd4 Kh8 15. Rfe1 Rg8 16. Re3 Bd7 17. Rh3 Rg7 18. Re1 Rag8 19. Rg3 Qc5 20. Ree3 b5 21. Rxg7 Rxg7 22. Rg3 Rxg3 23. hxg3 Bd8 24. Nce2 Bb6 25. c3 a5 26. Qf3 Qe5 27. Qd3 Kg7 28. Nf4 Kf8 29. Qe3 b4 30. Ndxe6+ Bxe6 31. Qxb6 Qxe4 32. Qxd6+ Kg7 33. c4 Qe1+ 34. Kh2 Qxf2 35. Nxe6+ fxe6 36. Qe7+ Kg6 37. Qxe6 Qxb2 38. c5 Qc3 39. c6 a4 40. bxa4 b3 41. Qg8+ Kh6 42. c7 Qxc7 43. Qxb3 Qe5 44. Qf3 Qa1 45. Qf4+ Kg6 46. Qe4+ Kg5 47. Qd5+ f5 48. a5 Qa4 49. Qg8+ Kh6 50. Qf8+ Kg6 51. Qd6+ Kg5 52. Qf4+ 1-0

[Event "Titled Tuesday 2025.01.07 Early"]
[Site "Chess.com INT"]
[Date "2025.01.07"]
[Round "2"]
[White "Smirnova, Polina A"]
[Black "Yang, Kaiqi"]
[Result "0-1"]
[WhiteElo "1894"]
[BlackElo "2481"]
[PlyCount "102"]
[GameId "2133754866272659"]
[EventDate "2025.01.07"]
[EventType "swiss (blitz)"]
[EventRounds "11"]
[EventCountry "NET"]
[SourceTitle "Mega2025 Update 11"]
[Source "Chessbase"]
[SourceDate "2025.01.17"]
[SourceVersion "1"]
[SourceVersionDate "2025.01.17"]
[SourceQuality "1"]

1. d4 e6 2. c4 f5 3. Nc3 Nf6 4. Nf3 Bb4 5. g3 Ne4 6. Qc2 O-O 7. Bg2 b6 8. O-O Bxc3 9. bxc3 Bb7 10. a4 Nc6 11. Ba3 d6 12. d5 Na5 13. Nd4 exd5 14. Ne6 Qf6 15. Nxf8 Rxf8 16. cxd5 Bxd5 17. Bb2 Nc4 18. Rad1 c6 19. f3 Ne3 20. Qc1 Nxd1 21. fxe4 Nxb2 22. Qxb2 Bc4 23. Rxf5 Qe7 24. Bf3 g6 25. Rxf8+ Kxf8 26. Qb4 Bf7 27. Qd4 Qe5 28. Qd2 Ke7 29. Bg4 g5 30. Kg2 h6 31. Bf3 Bg6 32. Qe3 d5 33. c4 dxc4 34. Qa3+ c5 35. Kf2 Qd4+ 36. Qe3 c3 37. Qxd4 cxd4 38. Ke1 Kd6 39. Kd1 Ke5 40. Kc2 Bxe4+ 41. Bxe4 Kxe4 42. h3 Ke3 43. Kd1 a6 44. h4 b5 45. hxg5 hxg5 46. g4 b4 47. a5 b3 48. Kc1 b2+ 49. Kb1 Kd2 50. Ka2 Kc2 51. Ka3 b1=Q 0-1

[Event "Titled Tuesday 2025.01.07 Early"]
[Site "Chess.com INT"]
[Date "2025.01.07"]
[Round "3"]
[White "Yang, Kaiqi"]
[Black "Bykovskiy, Oleg"]
[Result "1-0"]
[WhiteElo "2481"]
[BlackElo "2206"]
[PlyCount "57"]
[GameId "2133754866379438"]
[EventDate "2025.01.07"]
[EventType "swiss (blitz)"]
[EventRounds "11"]
[EventCountry "NET"]
[SourceTitle "Mega2025 Update 11"]
[Source "Chessbase"]
[SourceDate "2025.01.17"]
[SourceVersion "1"]
[SourceVersionDate "2025.01.17"]
[SourceQuality "1"]

1. d4 Nf6 2. Nc3 d5 3. Bf4 e6 4. Nb5 Na6 5. e3 c5 6. c3 Be7 7. Nf3 O-O 8. a4 Bd7 9. Ne5 Bc6 10. Bd3 c4 11. Bc2 Bxb5 12. axb5 Nc7 13. Qf3 Nxb5 14. Qh3 Nd6 15. g4 Nfe4 16. f3 f6 17. fxe4 fxe5 18. exd5 g6 19. dxe5 Nf7 20. d6 Bg5 21. Qg2 Qb6 22. O-O-O a5 23. Qe4 a4 24. Qxc4 a3 25. bxa3 Rxa3 26. Rhf1 Bxf4 27. Qxf4 Rxc3 28. Kd2 Qa5 29. Ke1 1-0

[Event "Titled Tuesday 2025.01.07 Early"]
[Site "Chess.com INT"]
[Date "2025.01.07"]
[Round "4"]
[White "Yang, Kaiqi"]
[Black "Recuero Guerra, Javier"]
[Result "1-0"]
[WhiteElo "2481"]
[BlackElo "2107"]
[PlyCount "51"]
[GameId "2133754866506746"]
[EventDate "2025.01.07"]
[EventType "swiss (blitz)"]
[EventRounds "11"]
[EventCountry "NET"]
[SourceTitle "Mega2025 Update 11"]
[Source "Chessbase"]
[SourceDate "2025.01.17"]
[SourceVersion "1"]
[SourceVersionDate "2025.01.17"]
[SourceQuality "1"]

1. d4 Nf6 2. Nc3 d5 3. Bf4 a6 4. e3 e6 5. g4 c5 6. g5 Nfd7 7. Nf3 Nc6 8. h4 b5 9. Bh3 Bb7 10. h5 Be7 11. Qe2 Nf8 12. dxc5 Bxc5 13. O-O-O Qa5 14. Kb1 b4 15. Nxd5 exd5 16. Rxd5 Ne7 17. Rd2 Bd5 18. b3 Rd8 19. Rhd1 Bb6 20. Ne5 Ne6 21. h6 O-O 22. hxg7 Kxg7 23. Ng4 Bc7 24. Nf6 Bxf4 25. Qh5 Rh8 26. Qh6# 1-0

[Event "Titled Tuesday 2025.01.07 Early"]
[Site "Chess.com INT"]
[Date "2025.01.07"]
[Round "5"]
[White "Ilinca Ilinca, Felix Antonio"]
[Black "Yang, Kaiqi"]
[Result "1-0"]
[WhiteElo "2440"]
[BlackElo "2481"]
[PlyCount "43"]
[GameId "2133754866613529"]
[EventDate "2025.01.07"]
[EventType "swiss (blitz)"]
[EventRounds "11"]
[EventCountry "NET"]
[SourceTitle "Mega2025 Update 11"]
[Source "Chessbase"]
[SourceDate "2025.01.17"]
[SourceVersion "1"]
[SourceVersionDate "2025.01.17"]
[SourceQuality "1"]

1. d4 e6 2. Nc3 d5 3. Bf4 Bb4 4. Qd3 c5 5. dxc5 Qa5 6. O-O-O Nd7 7. Nb5 Qxa2 8. c3 Nxc5 9. Nc7+ Kd8 10. Qb5 Nf6 11. Qxb4 Nfe4 12. f3 a5 13. Qa3 Qxa3 14. bxa3 Nf2 15. Nxa8 Nxh1 16. Nh3 Bd7 17. Nb6 Ba4 18. Nxa4 Nxa4 19. Kc2 Kd7 20. e4 Rc8 21. Bb5+ Ke7 22. Bxa4 1-0

[Event "Titled Tuesday 2025.01.07 Early"]
[Site "Chess.com INT"]
[Date "2025.01.07"]
[Round "6"]
[White "Mizzi, Jack"]
[Black "Yang, Kaiqi"]
[Result "1/2-1/2"]
[WhiteElo "2085"]
[BlackElo "2481"]
[PlyCount "107"]
[GameId "2133754866794260"]
[EventDate "2025.01.07"]
[EventType "swiss (blitz)"]
[EventRounds "11"]
[EventCountry "NET"]
[SourceTitle "Mega2025 Update 11"]
[Source "Chessbase"]
[SourceDate "2025.01.17"]
[SourceVersion "1"]
[SourceVersionDate "2025.01.17"]
[SourceQuality "1"]

1. d4 e6 2. c4 f5 3. Nf3 Nf6 4. g3 d5 5. Nbd2 c6 6. Bg2 Bd6 7. O-O Nbd7 8. b3 Qe7 9. Bb2 Ne4 10. Ne5 Nxe5 11. dxe5 Bc5 12. Nxe4 fxe4 13. a3 a5 14. Kh1 O-O 15. f4 Bd7 16. Qd2 Be8 17. Bc3 e3 18. Qd3 Bg6 19. Qd1 Bxa3 20. cxd5 cxd5 21. Bd4 Bc5 22. Rc1 Rfc8 23. f5 Bxf5 24. Rxf5 exf5 25. Bxd5+ Kh8 26. Bxc5 Rxc5 27. Rxc5 Qxc5 28. Bxb7 Re8 29. e6 h6 30. Qd7 Qe7 31. Bc6 Qxd7 32. Bxd7 Re7 33. Kg2 g5 34. Kf3 Kg7 35. Kxe3 Kf6 36. Kd4 h5 37. Kc5 Rh7 38. Kb5 h4 39. Kxa5 hxg3 40. hxg3 Ke7 41. b4 Rh2 42. b5 Rxe2 43. b6 Rb2 44. Ka6 f4 45. gxf4 gxf4 46. Bc6 Kxe6 47. b7 Rxb7 48. Kxb7 Ke5 49. Kb6 Kd4 50. Kb5 Ke3 51. Kc4 Kf2 52. Kd3 Kg3 53. Ke2 f3+ 54. Bxf3 1/2-1/2

[Event "Titled Tuesday 2025.01.07 Early"]
[Site "Chess.com INT"]
[Date "2025.01.07"]
[Round "7"]
[White "Yang, Kaiqi"]
[Black "Ozates, Tuna"]
[Result "0-1"]
[WhiteElo "2481"]
[BlackElo "2225"]
[PlyCount "74"]
[GameId "2133754866880486"]
[EventDate "2025.01.07"]
[EventType "swiss (blitz)"]
[EventRounds "11"]
[EventCountry "NET"]
[SourceTitle "Mega2025 Update 11"]
[Source "Chessbase"]
[SourceDate "2025.01.17"]
[SourceVersion "1"]
[SourceVersionDate "2025.01.17"]
[SourceQuality "1"]

1. d4 Nf6 2. Nc3 d5 3. Bf4 e6 4. Nb5 Bb4+ 5. c3 Ba5 6. a4 a6 7. Na3 c6 8. Nf3 O-O 9. e3 Bc7 10. Bd3 Nbd7 11. O-O Re8 12. Ne5 Nxe5 13. Bxe5 Nd7 14. Bxc7 Qxc7 15. f4 f5 16. Nc2 a5 17. Ne1 b6 18. Rf2 Ba6 19. Bc2 Nf6 20. Rd2 Ne4 21. Bxe4 fxe4 22. Rf2 c5 23. g4 cxd4 24. Qxd4 Qc5 25. Rd1 Rac8 26. f5 exf5 27. Rxf5 Bc4 28. Ng2 Rb8 29. Nf4 Qxd4 30. Rxd4 b5 31. axb5 Rxb5 32. Rxc4 Rxb2 33. Nxd5 Rd8 34. Rd4 Kh8 35. Ne7 Re8 36. Rf7 h6 37. Rd7 Rb6 0-1

[Event "Titled Tuesday 2025.01.07 Early"]
[Site "Chess.com INT"]
[Date "2025.01.07"]
[Round "8"]
[White "Yang, Kaiqi"]
[Black "Warchol, Kamil"]
[Result "1-0"]
[WhiteElo "2481"]
[BlackElo "2104"]
[PlyCount "65"]
[GameId "2133754866995480"]
[EventDate "2025.01.07"]
[EventType "swiss (blitz)"]
[EventRounds "11"]
[EventCountry "NET"]
[SourceTitle "Mega2025 Update 11"]
[Source "Chessbase"]
[SourceDate "2025.01.17"]
[SourceVersion "1"]
[SourceVersionDate "2025.01.17"]
[SourceQuality "1"]

1. d4 d5 2. Bf4 Nf6 3. e3 c5 4. Nc3 a6 5. dxc5 e6 6. Nf3 Bxc5 7. Bd3 O-O 8. O-O b5 9. e4 b4 10. e5 bxc3 11. exf6 gxf6 12. Bh6 cxb2 13. Rb1 Re8 14. Ne5 f5 15. Qh5 Qf6 16. Rfe1 Nd7 17. Bg5 Qg7 18. Bh6 Qf6 19. Bf4 Bd4 20. Nc6 Bc3 21. Re3 Nf8 22. Bg5 Qg6 23. Qh4 f6 24. Rg3 Kh8 25. Bh6 Qf7 26. Bg7+ Qxg7 27. Rxg7 Kxg7 28. Bxf5 exf5 29. Qg3+ Ng6 30. Qxc3 Bd7 31. Nd4 Rab8 32. g3 Rec8 33. Qd2 1-0

[Event "Titled Tuesday 2025.01.07 Early"]
[Site "Chess.com INT"]
[Date "2025.01.07"]
[Round "9"]
[White "Klukin, Kirill"]
[Black "Yang, Kaiqi"]
[Result "1-0"]
[WhiteElo "2398"]
[BlackElo "2481"]
[PlyCount "149"]
[GameId "2133754867147428"]
[EventDate "2025.01.07"]
[EventType "swiss (blitz)"]
[EventRounds "11"]
[EventCountry "NET"]
[SourceTitle "Mega2025 Update 11"]
[Source "Chessbase"]
[SourceDate "2025.01.17"]
[SourceVersion "1"]
[SourceVersionDate "2025.01.17"]
[SourceQuality "1"]

1. d4 e6 2. c4 f5 3. Nc3 Nf6 4. Qc2 Bb4 5. e3 O-O 6. Bd3 b6 7. Nge2 Bb7 8. O-O a5 9. a3 Bxc3 10. Nxc3 d6 11. e4 Nc6 12. d5 Nd4 13. Qd1 fxe4 14. Bb1 e5 15. Be3 Nf5 16. Nxe4 Nxe4 17. Bxe4 Ba6 18. Qd3 g6 19. a4 Qh4 20. b3 Rf7 21. g3 Qe7 22. Rae1 Raf8 23. Bxf5 Rxf5 24. f4 Bc8 25. Bd4 Qg7 26. Bc3 Qh6 27. Rf2 R5f7 28. Ree2 Bh3 29. Qe3 Bg4 30. Rd2 Bh3 31. Bb2 Qh5 32. Qc3 Qf5 33. Rd1 h5 34. Re1 Kh7 35. Qe3 Qg4 36. Ree2 Qf5 37. fxe5 Qb1+ 38. Re1 Rxf2 39. Qxf2 Rxf2 40. Rxb1 Rg2+ 41. Kh1 dxe5 42. Bxe5 Re2 43. Bxc7 Bf5 44. Rf1 Bh3 45. Rd1 h4 46. gxh4 Kg7 47. Bg3 Kf7 48. d6 Bd7 49. Kg1 Ke6 50. Kf1 Rb2 51. Re1+ Kf5 52. Re7 Bc6 53. d7 Rd2 54. Rf7+ Kg4 55. Rg7 Kf3 56. Rf7+ Ke4 57. Rf6 Bxd7 58. Rxb6 Bh3+ 59. Ke1 Rb2 60. Rb5 Kd3 61. c5 Rb1+ 62. Kf2 Rb2+ 63. Kf3 Bg2+ 64. Kf4 Re2 65. Rb6 Re4+ 66. Kg5 Bh3 67. Rd6+ Kc3 68. c6 Re6 69. Rxe6 Bxe6 70. Kxg6 Kxb3 71. c7 Kxa4 72. h5 Kb3 73. h6 a4 74. h7 a3 75. h8=Q 1-0

[Event "Titled Tuesday 2025.01.07 Early"]
[Site "Chess.com INT"]
[Date "2025.01.07"]
[Round "10"]
[White "Yang, Kaiqi"]
[Black "Tan, Ralph"]
[Result "1-0"]
[WhiteElo "2481"]
[BlackElo "2037"]
[PlyCount "127"]
[GameId "2133754867221351"]
[EventDate "2025.01.07"]
[EventType "swiss (blitz)"]
[EventRounds "11"]
[EventCountry "NET"]
[SourceTitle "Mega2025 Update 11"]
[Source "Chessbase"]
[SourceDate "2025.01.17"]
[SourceVersion "1"]
[SourceVersionDate "2025.01.17"]
[SourceQuality "1"]

1. d4 d5 2. Bf4 Nf6 3. e3 Bf5 4. Nc3 a6 5. f3 e6 6. g4 Bg6 7. Nge2 c5 8. a3 Nc6 9. Bg3 h6 10. Nf4 Bh7 11. Bd3 Bxd3 12. Qxd3 cxd4 13. exd4 Qb6 14. O-O-O Rc8 15. Rhe1 Be7 16. h4 Na5 17. g5 Nc4 18. Na4 Qb5 19. gxf6 gxf6 20. Qb3 Qxb3 21. cxb3 Ne3+ 22. Kd2 Nxd1 23. Kxd1 b5 24. Nc3 Rg8 25. Bf2 Kd7 26. b4 a5 27. bxa5 b4 28. axb4 Bxb4 29. Kd2 Bxa5 30. Ra1 Ra8 31. Kd3 Rgb8 32. Ra2 Bc7 33. Rxa8 Rxa8 34. Nh5 Ke7 35. Be3 Rb8 36. Kc2 Bd6 37. b3 Rc8 38. Kd3 Rg8 39. Nb5 Bb8 40. Bd2 Rg6 41. Bb4+ Kd7 42. Bc5 e5 43. b4 Ke6 44. Nc3 Rg2 45. b5 f5 46. Ng7+ Kf6 47. Ne8+ Ke6 48. b6 e4+ 49. fxe4 fxe4+ 50. Ke3 Rg3+ 51. Kd2 Rd3+ 52. Kc2 f5 53. Nc7+ Bxc7 54. bxc7 Kd7 55. Nxd5 Rg3 56. Bd6 Rg2+ 57. Kc3 Rg8 58. Bf4 Re8 59. Nb6+ Kc6 60. c8=Q+ Rxc8 61. Nxc8 Kd5 62. Ne7+ Ke6 63. Ng6 Kf6 64. h5 1-0

[Event "Titled Tuesday 2025.01.07 Early"]
[Site "Chess.com INT"]
[Date "2025.01.07"]
[Round "11"]
[White "Hacker, Jonas"]
[Black "Yang, Kaiqi"]
[Result "1-0"]
[WhiteElo "2391"]
[BlackElo "2481"]
[PlyCount "57"]
[GameId "2133754867278848"]
[EventDate "2025.01.07"]
[EventType "swiss (blitz)"]
[EventRounds "11"]
[EventCountry "NET"]
[SourceTitle "Mega2025 Update 11"]
[Source "Chessbase"]
[SourceDate "2025.01.17"]
[SourceVersion "1"]
[SourceVersionDate "2025.01.17"]
[SourceQuality "1"]

1. e4 c5 2. Nf3 Nc6 3. Nc3 Nf6 4. Bb5 Qc7 5. O-O e6 6. Bxc6 Qxc6 7. e5 Nd5 8. Ne4 b6 9. Re1 Bb7 10. d3 f5 11. Ned2 g5 12. Nxg5 Rg8 13. Qh5+ Rg6 14. Ndf3 O-O-O 15. Qxh7 Rg7 16. Qh5 Be7 17. Bd2 Rdg8 18. h4 Nb4 19. Rec1 Nd5 20. a3 f4 21. Qg4 Bxg5 22. hxg5 Ne7 23. Bxf4 Nf5 24. Kf1 Rh8 25. Ke2 Rf8 26. Rh1 Rgf7 27. g6 Nd4+ 28. Nxd4 Rxf4 29. Qxf4 1-0